| 000 | 00461nam a22001817a 4500 | ||
|---|---|---|---|
| 003 | CEME | ||
| 005 | 20210628202032.0 | ||
| 008 | 210224b xxu||||| |||| 00| 0 eng d | ||
| 020 | _a0-87891-517-6 | ||
| 040 | _c. | ||
| 082 | _a621.3192 ELE | ||
| 100 |
_aFogiel, M _98629 |
||
| 245 | _aThe electric circuits problem solver | ||
| 260 |
_aNEW JERSEY _bREA _c1988 |
||
| 300 | _aXI,1170P | ||
| 650 |
_aELECTRIC CIRCUITS-PROBLEM SOLVER _957996 |
||
| 942 |
_cBK _2ddc |
||
| 999 |
_c568228 _d568228 |
||